| 000 | 00431nam a22001577a 4500 | ||
|---|---|---|---|
| 999 |
_c61650 _d61650 |
||
| 005 | 20181102151823.0 | ||
| 020 | _c121.00 | ||
| 035 | _aB-108505, B-108479,B-108503 | ||
| 100 | _aGupta, Rajeev | ||
| 245 |
_aInternet guide / _cBy Rajeev Gupta |
||
| 250 | _arpr 2001 | ||
| 260 |
_aDelhi _bNipun Publications _c2001 |
||
| 300 |
_a280p. _c22 cms |
||
| 942 |
_2ddc _cEN _h004.67 _mGUP |
||